Loreto College Library, Kolkata
WEBOPAC (ONLINE PUBLIC ACCESS CATALOGUE)

ENGLAND.Ministry of Education 15 to 18 (Record no. 10923)

MARC details
000 -LEADER
fixed length control field 00649nam a2200193Ia 4500
008 - FIXED-LENGTH DATA ELEMENTS--GENERAL INFORMATION
fixed length control field 131103s9999 xx 000 0 und d
040 ## - CATALOGING SOURCE
Original cataloging agency Loreto College
041 ## - LANGUAGE CODE
Language code English
082 ## - DDC | ডিউই
Classification number | বর্গসংখ্যা 373/ENG
Book Number | গ্রন্থাঙ্ক LCLIB/copy3
245 ## - TITLE STATEMENT | অাখ্যা বিবরণী
Title | অাখ্যা ENGLAND.Ministry of Education 15 to 18
Sub title | উপঅাখ্যা a report of the Central Advisory Council For Education (England)
Statement of responsibility | লেখকের দায়িত্বের বিবরণ Ministry Of Education,India
260 ## - IMPRINT | প্রকাশনা ক্ষেত্র
Place of publication | প্রকাশ স্থান London
Name of publisher | প্রকাশকের নাম Her Majestry's Stationery Office
Date of publication | প্রকাশ কাল 1959 (1965 printing)
300 ## - PHYSICAL DESCRIPTION |
Page / Vol. No | পৃষ্ঠা / খন্ড সংখ্যা xxxi,519 p.
Other physical details | অনান্য বাহ্যিক বিবরণ illus.
504 ## - BIBLIOGRAPHY, ETC. NOTE
Bibliography, etc Includes index
630 ## - SUBJECT ADDED ENTRY--UNIFORM TITLE
Uniform title Education
650 ## - SUBJECT ADDED ENTRY--TOPICAL TERM | বিষয় শিরোনাম - মূল বিষয়
Topical term | মূল বিষয় Ministry Of Education
651 ## - SUBJECT ADDED ENTRY--GEOGRAPHIC NAME | বিষয় শিরোনাম - ভৌগলিক নাম
Geographic name | ভৌগলিক বিষয় Secondary Education
850 ## - HOLDING INSTITUTION
Holding institution LCLIB
942 ## - ADDED ENTRY ELEMENTS (KOHA)
Koha item type Books
Holdings
Withdrawn status Lost status Damaged status Not for loan Home library Current library Date acquired Total Checkouts Full call number Accession No. Date last seen Price effective from Koha item type
        Loreto College Loreto College 04/11/2013   373/ENG LCLIB/copy3 B10812 04/11/2013 04/11/2013 Books
        Loreto College Loreto College 04/11/2013   373/ENG LCLIB/copy3 B22156 04/11/2013 04/11/2013 Books
        Loreto College Loreto College 04/11/2013   373/ENG LCLIB/copy3 B22157 04/11/2013 04/11/2013 Books